000 00856nam a2200241Ia 4500
003 IN-BaIIA
008 211028s9999 xx 000 0 eng d
020 _a3-540-41236-0
040 _cIIA Library
080 _a530.12
_bGYR
245 0 _aGyros, clocks, interferometers...
_btesting relativistic gravity in space
_cedited by C. Lammerzahl, C. W. F. Everitt and F. W. Hehl
260 _aBerlin
_bSpringer-Verlag
_c2001
300 _axv, 507p.
490 _aLecture notes in physics; v. 562
650 _aAstrophysics
_9794
650 _aGeneral relativity
_93824
650 _aGravitational waves
_93825
650 _aGravity measurement
_929072
650 _aResearch in reduced gravity environments
_929073
700 _aEveritt, C. W. F., ed.
_918612
700 _aHehl, F. W., ed.
_929074
942 _cBK
999 _c15767
_d15767